000 00869na a2200229 4500
001 22659
003 MIRAKIL
005 20181213154802.0
008 170221b tu 000 0
035 _a15347
040 _aMilas
_btur
_cTR-AnCHP
041 _atur
082 _a068.5610026
_bA72 2009
090 _a068.5610026 A72 2009
245 _aAtatürk Kültür, Dil ve Tarih Yüksek Kurumu 2009 performans programı
_b(taslak)
_c[hazırlayan] Strateji Geliştirme Daire Başkanlığı
260 _aİstanbul
_bAtatürk Kültür, Dil ve Tarih Yüksek Kurumu
_c2009
300 _a80 s.
_btbl.
_c29 cm.
610 _aAtatürk Kültür, Dil ve Tarih Yüksek Kurumu
_xÇalışma raporları, 2009
651 _aTürkiye
_xKültür politikaları
710 _aAtatürk Kültür, Dil ve Tarih Yüksek Kurumu
_bStrateji Geliştirme Daire Başkanlığı
942 _2ddc
_cBKS
999 _c800
_d800